The Constitution of the Republic of the Philippines : (Record no. 291426)
[ view plain ]
| 000 -LEADER | |
|---|---|
| fixed length control field | 00762nam a2200301Ia 4500 |
| 003 - CONTROL NUMBER IDENTIFIER | |
| control field | SMC |
| 005 - DATE AND TIME OF LATEST TRANSACTION | |
| control field | 20170208133758.0 |
| 008 - FIXED-LENGTH DATA ELEMENTS--GENERAL INFORMATION | |
| fixed length control field | 160303s9999 xx 000 0 und d |
| 020 ## - INTERNATIONAL STANDARD BOOK NUMBER | |
| International Standard Book Number | 971-08-6534-X |
| 050 ## - LIBRARY OF CONGRESS CALL NUMBER | |
| Classification number | FIL KPM 1744.5 |
| 050 ## - LIBRARY OF CONGRESS CALL NUMBER | |
| Item number | .N65 2004 |
| 100 ## - MAIN ENTRY--PERSONAL NAME | |
| Personal name | Nolledo, Jose N. |
| 245 #4 - TITLE STATEMENT | |
| Title | The Constitution of the Republic of the Philippines : |
| 245 ## - TITLE STATEMENT | |
| Remainder of title | explained / |
| 245 ## - TITLE STATEMENT | |
| Statement of responsibility, etc | Jose N. Nolledo. |
| 250 ## - EDITION STATEMENT | |
| Edition statement | Revised Edition |
| 260 ## - PUBLICATION, DISTRIBUTION, ETC. (IMPRINT) | |
| Place of publication, distribution, etc | Mandaluyong: |
| 260 ## - PUBLICATION, DISTRIBUTION, ETC. (IMPRINT) | |
| Name of publisher, distributor, etc | National Book Store, |
| 260 ## - PUBLICATION, DISTRIBUTION, ETC. (IMPRINT) | |
| Date of publication, distribution, etc | 2004 |
| 300 ## - PHYSICAL DESCRIPTION | |
| Extent | 239 pages : |
| 300 ## - PHYSICAL DESCRIPTION | |
| Other physical details | illustrations ; |
| 300 ## - PHYSICAL DESCRIPTION | |
| Dimensions | 25 cm. |
| 650 ## - SUBJECT ADDED ENTRY--TOPICAL TERM | |
| Topical term or geographic name as entry element | Constitutional law -- |
| 650 ## - SUBJECT ADDED ENTRY--TOPICAL TERM | |
| Topical term or geographic name as entry element | Constitutions -- |
| 650 ## - SUBJECT ADDED ENTRY--TOPICAL TERM | |
| General subdivision | Philippines. |
| 650 ## - SUBJECT ADDED ENTRY--TOPICAL TERM | |
| General subdivision | Philippines. |
| 942 ## - ADDED ENTRY ELEMENTS (KOHA) | |
| Source of classification or shelving scheme | Library of Congress Classification |
| Koha item type | Books |
| Withdrawn status | Lost status | Damaged status | Home library | Current library | Shelving location | Date acquired | Cost, normal purchase price | Total Checkouts | Full call number | Barcode | Date last seen | Price effective from | Koha item type |
|---|---|---|---|---|---|---|---|---|---|---|---|---|---|
| South Mansfield College | South Mansfield College | Filipiniana Section | 245.00 | FIL KPM 1744.5 .N65 2004 | SMC00006 | 03/03/2016 | 03/03/2016 |